| 000 | 00000nas 2200000zi 4500 |
| 001 | 9.931214 |
| 003 | CaOODSP |
| 005 | 20250108113136 |
| 006 | m o d f |
| 007 | cr cn||||||||| |
| 008 | 231207c20239999oncar p o f0### 0fre|d |
| 040 | |aCaOODSP|bfre|erda|cCaOODSP |
| 043 | |an-cn--- |
| 086 | 1 |aMR1-34F-PDF |
| 110 | 2 |aInstituts de recherche en santé du Canada.|eauteur, |eorganisme de publication. |
| 245 | 10|aRapport d'étape sur l'accessibilité … : |brapport sur la ... |
| 264 | 1|aOttawa (Ontario) : |bInstituts de recherche en santeĢ du Canada = Canadian Institutes of Health Research, |c2023- |
| 310 | |aAnnuel |
| 336 | |atexte|btxt|2rdacontent/fre |
| 337 | |ainformatique|bc|2rdamedia/fre |
| 338 | |aressource en ligne|bcr|2rdacarrier/fre |
| 362 | 1 |aParaît depuis : 1ère année (2023). |
| 500 | |aPublié aussi en anglais sous le titre : Accessibility progress report ... : ... annual report. |
| 588 | |aDescription d'après : 1ère année (2023). |
| 588 | |aDernière livraison consultée : 1ère année (2023). |
| 610 | 26|aInstituts de recherche en santé du Canada|vPériodiques. |
| 650 | 6|aAccessibilité aux personnes handicapées|zCanada|xPlanification|vPériodiques. |
| 650 | 6|aPersonnes handicapées|xPolitique gouvernementale|zCanada|vPériodiques. |
| 655 | 7|aPériodiques|2rvmgf |
| 775 | 08|tAccessibility progress report … : |w(CaOODSP)9.931213 |